Yuthok's Treatise on Tibetan medicine / (Record no. 89631)
[ view plain ]
| 000 -LEADER | |
|---|---|
| fixed length control field | 01014cam a22003131 4500 |
| 001 - CONTROL NUMBER | |
| control field | sa 68020947 |
| 003 - CONTROL NUMBER IDENTIFIER | |
| control field | DLC |
| 005 - DATE AND TIME OF LATEST TRANSACTION | |
| control field | 20260227112728.0 |
| 008 - FIXED-LENGTH DATA ELEMENTS--GENERAL INFORMATION | |
| fixed length control field | 850819s1968 ii b 000 0 tib |
| 010 ## - LIBRARY OF CONGRESS CONTROL NUMBER | |
| LC control number | sa 68020947 |
| 035 ## - SYSTEM CONTROL NUMBER | |
| System control number | (OCoLC)16113230 |
| 040 ## - CATALOGING SOURCE | |
| Original cataloging agency | DLC |
| Transcribing agency | PU |
| Modifying agency | DLC |
| 041 0# - LANGUAGE CODE | |
| Language code of text/sound track or separate title | tib |
| Language code of summary or abstract | eng |
| 042 ## - AUTHENTICATION CODE | |
| Authentication code | premarc |
| 043 ## - GEOGRAPHIC AREA CODE | |
| Geographic area code | a-cc--- |
| 050 00 - LIBRARY OF CONGRESS CALL NUMBER | |
| Classification number | R127.5 |
| Item number | .G9 |
| 100 0# - MAIN ENTRY--PERSONAL NAME | |
| Personal name | Gʹyu-thog Yon-tan-mgon-po, |
| Dates associated with a name | 1126-1202. |
| 240 10 - UNIFORM TITLE | |
| Uniform title | Sman gźuṅ cha lag bco brgyad |
| 245 10 - TITLE STATEMENT | |
| Title | Yuthok's Treatise on Tibetan medicine / |
| Statement of responsibility, etc. | edited by Lokesh Chandra. |
| 260 ## - PUBLICATION, DISTRIBUTION, ETC. | |
| Place of publication, distribution, etc. | New Delhi : |
| Name of publisher, distributor, etc. | International Academy of Indian Culture, |
| Date of publication, distribution, etc. | 1968. |
| 300 ## - PHYSICAL DESCRIPTION | |
| Extent | [4], 538 p. ; |
| Dimensions | 29 cm. |
| 490 1# - SERIES STATEMENT | |
| Series statement | Śata-piṭaka series: Indo-Asian literatures; |
| Volume/sequential designation | v. 72 |
| 500 ## - GENERAL NOTE | |
| General note | In Tibetan; pref. in English. |
| 504 ## - BIBLIOGRAPHY, ETC. NOTE | |
| Bibliography, etc. note | Includes bibliographical references. |
| 650 #0 - SUBJECT ADDED ENTRY--TOPICAL TERM | |
| Topical term or geographic name entry element | Medicine, Tibetan |
| Form subdivision | Early works to 1800. |
| 700 0# - ADDED ENTRY--PERSONAL NAME | |
| Personal name | Lokesh Chandra. |
| 740 0# - ADDED ENTRY--UNCONTROLLED RELATED/ANALYTICAL TITLE | |
| Uncontrolled related/analytical title | Treatise on Tibetan medicine. |
| 830 #0 - SERIES ADDED ENTRY--UNIFORM TITLE | |
| Uniform title | Śatapiṭaka ; |
| Volume/sequential designation | v. 72. |
No items available.